Statistical Methods / (Record no. 623)
[ view plain ]
| 000 -LEADER | |
|---|---|
| fixed length control field | 00555nam a2200217 a 4500 |
| 008 - FIXED-LENGTH DATA ELEMENTS--GENERAL INFORMATION | |
| fixed length control field | 190805r20122013ii |||||||||||||0 ||eng|| |
| 020 ## - INTERNATIONAL STANDARD BOOK NUMBER | |
| International Standard Book Number | 9788180549311 |
| Terms of availability | Rs.490.00 |
| 040 ## - CATALOGING SOURCE | |
| Original cataloging agency | IMU Kochi Library |
| Language of cataloging | eng |
| 041 0# - LANGUAGE CODE | |
| Language code of text/sound track or separate title | eng |
| 044 ## - COUNTRY OF PUBLISHING/PRODUCING ENTITY CODE | |
| MARC country code | India |
| 082 04 - DEWEY DECIMAL CLASSIFICATION NUMBER | |
| Classification number | 519.5 |
| Item number | G9592 |
| 100 1# - MAIN ENTRY--PERSONAL NAME | |
| Personal name | Gupta, S. P. |
| 245 10 - TITLE STATEMENT | |
| Title | Statistical Methods / |
| 250 ## - EDITION STATEMENT | |
| Edition statement | 42nd rev. ed. |
| 260 ## - PUBLICATION, DISTRIBUTION, ETC. (IMPRINT) | |
| Place of publication, distribution, etc | New Delhi : |
| Name of publisher, distributor, etc | Sultan Chand & Sons, |
| Date of publication, distribution, etc | 2012, reprint 2013 |
| 300 ## - PHYSICAL DESCRIPTION | |
| Extent | xx, 1425 p. ; |
| Dimensions | 24 cm. |
| 650 #0 - SUBJECT ADDED ENTRY--TOPICAL TERM | |
| Topical term or geographic name as entry element | Statistics |
| Form subdivision | Textbooks |
| 852 ## - LOCATION/CALL NUMBER | |
| Location | IMU Kochi Library |
| 904 ## - LOCAL DATA ELEMENT D, LDD (RLIN) | |
| CATALOGER | Shine Joy |
| 942 ## - ADDED ENTRY ELEMENTS (KOHA) | |
| Item type | Books |
| Withdrawn status | Lost status | Source of classification or shelving scheme | Damaged status | Not for loan | Collection code | Permanent location | Current location | Shelving location | Date acquired | Source of acquisition | Cost, normal purchase price | Full call number | Barcode | Date last seen | Koha item type | Public note | Total Checkouts | Date last borrowed |
|---|---|---|---|---|---|---|---|---|---|---|---|---|---|---|---|---|---|---|
| Mathematics | IMU Kochi Library | IMU Kochi Library | General Stacks | 2013-06-04 | M/S Sterling Book House (Inv. No. 393 Dt 2013-05-23) | 490.00 | 519.5 G9592 | BK002412 | 2019-09-26 | Books | Gen. Shelf-8, Row-5 | |||||||
| Mathematics | IMU Kochi Library | IMU Kochi Library | General Stacks | 2013-06-04 | M/S Sterling Book House (Inv. No. 393 Dt 2013-05-23) | 490.00 | 519.5 G9592 | BK002413 | 2023-03-22 | Books | Gen. Shelf-8, Row-3 | 2 | 2023-03-22 | |||||
| Mathematics | IMU Kochi Library | IMU Kochi Library | General Stacks | 2013-06-04 | M/S Sterling Book House (Inv. No. 393 Dt 2013-05-23) | 490.00 | 519.5 G9592 | BK002414 | 2025-07-10 | Books | Gen. Shelf-8, Row-4 | 3 | 2025-01-15 | |||||
| Mathematics | IMU Kochi Library | IMU Kochi Library | General Stacks | 2013-06-04 | M/S Sterling Book House (Inv. No. 393 Dt 2013-05-23) | 490.00 | 519.5 G9592 | BK002415 | 2024-11-28 | Books | Gen. Shelf-8, Row-3 | 2 | 2024-11-12 | |||||
| Mathematics | IMU Kochi Library | IMU Kochi Library | General Stacks | 2013-06-04 | M/S Sterling Book House (Inv. No. 393 Dt 2013-05-23) | 490.00 | 519.5 G9592 | BK002416 | 2025-06-03 | Books | Gen. Shelf-8, Row-4 | 1 | 2025-05-26 |